Un pollastre aixalat (Record no. 173780)

MARC details
000 -LEADER
campo de control de longitud fija 00864namaa2200193 i 4500
001 - NÚMERO DE CONTROL
campo de control 173780
003 - IDENTIFICADOR DE NÚMERO DE CONTROL
campo de control ES-MaACL
005 - FECHA Y HORA DE LA ÚLTIMA TRANSACCIÓN
campo de control 20230906215337.0
008 - DATOS DE LONGITUD FIJA--INFORMACIÓN GENERAL
campo de control de longitud fija 100118s1892 sp |||| | cat d
040 ## - FUENTE DE CATALOGACIÓN
Centro catalogador/agencia de origen SpMaBN
Lengua de catalogación spa
Centro/agencia transcriptor PAB
100 1# - ENTRADA PRINCIPAL--NOMBRE DE PERSONA
Nombre de persona Arnau, Josep Maria.
9 (RLIN) 141984
245 13 - MENCIÓN DEL TÍTULO
Título Un pollastre aixalat
Resto del título : comedia bilingüe en un acto /
Mención de responsabilidad, etc. original y en verso porJosé María Arnau.
260 ## - PUBLICACIÓN, DISTRIBUCIÓN, ETC.
Lugar de publicación, distribución, etc. Barcelona :
Nombre del editor, distribuidor, etc. Librería Española de I. López,
Fecha de publicación, distribución, etc. 1892 (
Fabricante A. López Robert)
300 ## - DESCRIPCIÓN FÍSICA
Extensión 32 p. ;
Dimensiones 21 cm.
500 ## - NOTA GENERAL
Nota general En port.: estrenada en el Teatro de Variedades la noche del 22 de julio de 1865.
594 ## - Nota al título y mención de responsabilidad
Nota al título y mención de responsabilidad Texto en castellano y catalán.
852 ## - LOCALIZACIÓN
Ubicación ES-MaACL
Número de control de estantería B-8603(20)
Nota libre .- Enc. pasta española
condición física .- Falto de la cub. original
Nota libre .- Enc. en un vol. facticio formando parte de la col. facticia "Teatro español moderno", vol. 56
Holdings
Estatus retirado Estado de pérdida Estado de daño No para préstamo Colección Biblioteca de origen Biblioteca actual Ubicación en estantería Fecha de adquisición Fuente de adquisición Total de préstamos Signatura topográfica completa Código de barras Visto por última vez Precio de reemplazo Tipo de ítem Koha
        Libros del s. XIX Biblioteca del Ateneo de Madrid Biblioteca del Ateneo de Madrid Sala Pardo Bazán 18/01/2010     B-8603(20) 1182410 23/02/2023 23/02/2023 Libro impreso antiguo